UM Logo
Normal view MARC view
  • Grant, Janelle.

Entry Personal Name

Number of records used in: 1

001 - CONTROL NUMBER

  • control field: 49273

003 - CONTROL NUMBER IDENTIFIER

  • control field: OSt

005 - DATE AND TIME OF LATEST TRANSACTION

  • control field: 20230926184342.0

008 - FIXED-LENGTH DATA ELEMENTS

  • fixed length control field: 230926|| aca||aabn | a|a d

040 ## - CATALOGING SOURCE

  • Original cataloging agency: OSt
  • Transcribing agency: OSt

100 ## - HEADING--PERSONAL NAME

  • Personal name: Grant, Janelle.
  • Relator term: author.

670 ## - SOURCE DATA FOUND

  • Source citation: Work cat.: (OSt): Grant, Janelle. author., Rhode Island /, Winter 2020.